[Event "RUS-ch Higher League (Women) 73rd"]
[Site "Novokuznetsk"]
[Date "2023.07.01"]
[Round "5"]
[White "Dryaeva, Lana"]
[Black "Charochkina, Daria"]
[Result "0-1"]
[WhiteElo "1669"]
[BlackElo "2339"]
[PlyCount "75"]
[EventDate "2023.06.26"]
[EventType "swiss"]
[EventRounds "9"]
[EventCountry "RUS"]
[SourceTitle "EXT 2024"]
[Source "ChessBase"]
[SourceDate "2023.10.10"]
[SourceVersion "1"]
[SourceVersionDate "2023.10.10"]
[SourceQuality "1"]

1. d4 e6 2. c4 b6 3. Nf3 Bb7 4. e3 f5 5. Bd3 Nf6 6. 0-0 Bd6 7. Nbd2 0-0 8. b3 Qe8 9. Bb2 Ne4 10. Ne5 Bb4 11. Nb1 Nc6 12. a3 Be7 13. f3 Nxe5 14. dxe5 Nc5 15. Bc2 d6 16. b4 Nd7 17. exd6 Bxd6 18. Nd2 Rd8 19. Qe2 Qh5 20. g3 Be5 21. Ra2 Bxb2 22. Rxb2 Ne5 23. Bd1 Rd3 24. f4 Ng4 25. Rb3 Rfd8 26. Rxd3 Rxd3 27. h4 Rd8 28. Re1 Qg6 29. Nf1 e5 30. Bb3 Qc6 31. e4 Qxe4 32. Qxe4 Bxe4 33. Bd1 h5 34. Bxg4 hxg4 35. fxe5 Kf7 36. Ne3 Rd3 37. Kf2 Ke6 38. Nxg4 0-1

[Event "RUS-ch Higher League (Women) 73rd"]
[Site "Novokuznetsk"]
[Date "2023.06.29"]
[Round "4"]
[White "Yakimova, Mariya"]
[Black "Dryaeva, Lana"]
[Result "1-0"]
[WhiteElo "2196"]
[BlackElo "1669"]
[PlyCount "75"]
[EventDate "2023.06.26"]
[EventType "swiss"]
[EventRounds "9"]
[EventCountry "RUS"]
[SourceTitle "EXT 2024"]
[Source "ChessBase"]
[SourceDate "2023.10.10"]
[SourceVersion "1"]
[SourceVersionDate "2023.10.10"]
[SourceQuality "1"]

1. d4 d5 2. c4 e6 3. Nf3 Nf6 4. g3 Bb4+ 5. Nbd2 0-0 6. Bg2 dxc4 7. Qc2 b5 8. a4 c6 9. axb5 Qb6 10. bxc6 Nxc6 11. 0-0 Bxd2 12. Bxd2 Ba6 13. Bc3 Rab8 14. e4 h6 15. Rfd1 Bb5 16. d5 exd5 17. exd5 Ne7 18. Bd4 Qd8 19. Bxf6 gxf6 20. Qd2 Kg7 21. Rxa7 Qd6 22. Bh3 Qxd5 23. Qxd5 Nxd5 24. Rxd5 Bc6 25. Rf5 Rxb2 26. Rc7 Rb1+ 27. Kg2 Be4 28. Rf4 Bd3 29. g4 Rb2 30. Nd4 Ra8 31. Nf5+ Kg6 32. Ne7+ Kg7 33. Nd5 Ra1 34. Nxf6 Bf1+ 35. Kg3 Ra3+ 36. f3 Bxh3 37. Nh5+ Kf8 38. Rfxf7+ 1-0

[Event "RUS-ch Higher League (Women) 73rd"]
[Site "Novokuznetsk"]
[Date "2023.06.28"]
[Round "3"]
[White "Dryaeva, Lana"]
[Black "Matveeva, Olga"]
[Result "1/2-1/2"]
[WhiteElo "1669"]
[BlackElo "2128"]
[PlyCount "49"]
[EventDate "2023.06.26"]
[EventType "swiss"]
[EventRounds "9"]
[EventCountry "RUS"]
[SourceTitle "EXT 2024"]
[Source "ChessBase"]
[SourceDate "2023.10.10"]
[SourceVersion "1"]
[SourceVersionDate "2023.10.10"]
[SourceQuality "1"]

1. d4 Nf6 2. c4 e6 3. Nf3 Bb4+ 4. Nbd2 0-0 5. a3 Bxd2+ 6. Qxd2 b6 7. e3 Bb7 8. Be2 d6 9. 0-0 Nbd7 10. b4 Ne4 11. Qc2 c5 12. Nd2 Nxd2 13. Qxd2 Qg5 14. f3 Rfd8 15. Rd1 Rac8 16. e4 Qxd2 17. Rxd2 cxd4 18. Rxd4 Ne5 19. Bf4 Kf8 20. Rad1 Ke7 21. Bxe5 dxe5 22. Rxd8 Rxd8 23. Rxd8 Kxd8 24. Bd3 Kc7 25. Kf2 1/2-1/2

[Event "RUS-ch Higher League (Women) 73rd"]
[Site "Novokuznetsk"]
[Date "2023.06.27"]
[Round "2"]
[White "Ivanova, Anastasia2222"]
[Black "Dryaeva, Lana"]
[Result "0-1"]
[WhiteElo "1922"]
[BlackElo "1669"]
[PlyCount "131"]
[EventDate "2023.06.26"]
[EventType "swiss"]
[EventRounds "9"]
[EventCountry "RUS"]
[SourceTitle "EXT 2024"]
[Source "ChessBase"]
[SourceDate "2023.10.10"]
[SourceVersion "1"]
[SourceVersionDate "2023.10.10"]
[SourceQuality "1"]

1. d4 Nf6 2. c4 e6 3. Nf3 Bb4+ 4. Bd2 Bxd2+ 5. Qxd2 d5 6. Nc3 0-0 7. e3 b6 8. cxd5 exd5 9. Bd3 Bb7 10. 0-0 Ne4 11. Qc2 f5 12. Rac1 c6 13. Ne2 Nd7 14. Ne5 Nxe5 15. dxe5 Qe7 16. f4 c5 17. Rfd1 Rfd8 18. Nc3 Nxc3 19. Qxc3 Qe6 20. Rd2 Rd7 21. Rcd1 g6 22. Be2 Rad8 23. h3 Bc6 24. e4 Kf8 25. exd5 Bxd5 26. Bb5 Bc6 27. Bxc6 Rxd2 28. Rxd2 Rxd2 29. Qxd2 Qxc6 30. Qd8+ Qe8 31. Qf6+ Qf7 32. Qd6+ Qe7 33. Qd5 Qf7 34. e6 Qc7 35. g4 fxg4 36. hxg4 Ke7 37. f5 Qg3+ 38. Kf1 Qf4+ 39. Ke1 Qc1+ 40. Kf2 Qf4+ 41. Qf3 Qd4+ 42. Kg3 gxf5 43. gxf5 Qxb2 44. Qb7+ Kf6 45. Qf7+ Kg5 46. Qg8+ Kxf5 47. Qf7+ Qf6 48. Qxa7 Qxe6 49. Kf2 h6 50. Qh7+ Kf4 51. Qc7+ Kf5 52. Qh7+ Ke5 53. Qc7+ Qd6 54. Qh7 c4 55. Ke1 Kd5 56. Kd1 Kc5+ 57. Kc1 Qf4+ 58. Kb1 Qf1+ 59. Kb2 Qe2+ 60. Kc1 Qe3+ 61. Kb2 Qd2+ 62. Kb1 Qd3+ 63. Qxd3 cxd3 64. Kc1 Kc4 65. Kd2 h5 66. Ke3 0-1

[Event "Anti Cheating Blitz Cup"]
[Site "Chess.com INT"]
[Date "2020.05.20"]
[Round "8"]
[White "Dryaeva, Lana"]
[Black "Delledonne, Francesco"]
[Result "0-1"]
[WhiteElo "1404"]
[BlackElo "1871"]
[PlyCount "66"]
[EventDate "2020.05.20"]
[EventType "swiss (blitz)"]
[EventRounds "11"]
[EventCountry "USA"]
[SourceTitle "CBM 196 Extra"]
[Source "ChessBase"]
[SourceDate "2020.07.31"]
[SourceVersion "1"]
[SourceVersionDate "2020.07.31"]
[SourceQuality "1"]

1. d4 Nf6 2. e3 g6 3. Nf3 Bg7 4. Bd3 d6 5. 0-0 Bg4 6. Nbd2 Nbd7 7. h3 Bxf3 8. Nxf3 0-0 9. c4 e5 10. dxe5 dxe5 11. Qc2 Qe7 12. Nd2 Nc5 13. Be4 c6 14. a3 a5 15. Rb1 a4 16. Bf3 e4 17. Be2 Rfd8 18. b4 axb3 19. Nxb3 Nd3 20. Bxd3 exd3 21. Qd1 Ne4 22. Bd2 Nc3 23. Bxc3 Bxc3 24. Qc1 Bg7 25. Nd4 Bxd4 26. exd4 Rxd4 27. Rd1 Rd7 28. Qb2 Qxa3 29. Qxa3 Rxa3 30. Rb6 Rc3 31. Rb4 d2 32. Kf1 Re7 33. Rbb1 Rc2 0-1

[Event "Anti Cheating Blitz Cup"]
[Site "Chess.com INT"]
[Date "2020.05.20"]
[Round "3"]
[White "Dryaeva, Lana"]
[Black "Marzatico, Luca"]
[Result "0-1"]
[WhiteElo "1404"]
[BlackElo "2009"]
[PlyCount "74"]
[EventDate "2020.05.20"]
[EventType "swiss (blitz)"]
[EventRounds "11"]
[EventCountry "USA"]
[SourceTitle "CBM 196 Extra"]
[Source "ChessBase"]
[SourceDate "2020.07.31"]
[SourceVersion "1"]
[SourceVersionDate "2020.07.31"]
[SourceQuality "1"]

1. d4 Nf6 2. e3 e6 3. Bd3 c5 4. Nf3 Nc6 5. b3 cxd4 6. exd4 d5 7. Bb2 Bd6 8. 0-0 0-0 9. Ne5 Ne8 10. Qe2 Nxe5 11. dxe5 Bc5 12. Kh1 g6 13. f4 Ng7 14. g4 b6 15. Nd2 Bb7 16. Nf3 Rc8 17. h4 d4 18. Qh2 h5 19. gxh5 Nxh5 20. Kg1 Rc7 21. Rf2 Rd7 22. Raf1 Qc7 23. Rg2 Kh8 24. Rg5 Bc6 25. Qg2 Rg8 26. Bc1 Qb7 27. Kh2 Be7 28. Rg4 Bd8 29. Be2 a5 30. Rg1 a4 31. bxa4 Be7 32. Qf2 Bc5 33. Qf1 Bxa4 34. R1g2 Bc6 35. R2g3 Be4 36. Rg1 Bf5 37. Rg5 Qe4 0-1

[Event "Anti Cheating Blitz Cup"]
[Site "Chess.com INT"]
[Date "2020.05.20"]
[Round "9"]
[White "Nazzaro, Daniele"]
[Black "Dryaeva, Lana"]
[Result "0-1"]
[WhiteElo "1198"]
[BlackElo "1404"]
[PlyCount "48"]
[EventDate "2020.05.20"]
[EventType "swiss (blitz)"]
[EventRounds "11"]
[EventCountry "USA"]
[SourceTitle "CBM 196 Extra"]
[Source "ChessBase"]
[SourceDate "2020.07.31"]
[SourceVersion "1"]
[SourceVersionDate "2020.07.31"]
[SourceQuality "1"]

1. e4 e5 2. Nf3 d6 3. d4 exd4 4. Nxd4 Nf6 5. Nc3 Be7 6. Be2 0-0 7. Be3 c5 8. Nb3 Nc6 9. 0-0 a6 10. a4 Be6 11. h3 Re8 12. Qd2 Bf8 13. f4 g6 14. Bf3 Qe7 15. Nd5 Bxd5 16. exd5 Qxe3+ 17. Qxe3 Rxe3 18. dxc6 bxc6 19. Bxc6 Rb8 20. Rfe1 Rxe1+ 21. Rxe1 Rb6 22. Bf3 c4 23. a5 Rb4 24. Nd4 Rxb2 0-1